000 00775nam a22002177a 4500
003 UA-OsUOA
001 44974
007 ta
008 20070319b un ||||| |||| 00| 0 ukr d
100 _aРаупов Р.Б.
090 _a659
_bР-11
942 _cSA
040 _aUA-OsUOA
_bukr
_cUA-OsUOA
_dUA-OsUOA
245 _aТелекомунікаційні технології на ринку маркетингових комунікацій України
300 _aС.23-30
955 _a0
041 _aukr
080 _a659
773 0 _w44973
_tМаркетинг в Україні
_dК.
_d2007
_g1
650 7 _a659 Реклама. Система інформації. Громадська інформація та реклама (Паблик-Рилейшнз)
_2UDC
999 _c331089
_d331089